=LDR 00000nam 2200000 4500 =001 INLIS000000000022877 =005 20130612121605 =008 ***********************************Ind** =035 ##$$0010-061300000022877 =041 ##$$a Ind =082 ##$$a 628.1 =090 ##$$a 628.1, Pen =100 ##$$a Kodoatie, Robert J =245 ##$$a Pengelolaan sumber daya air dalam otonomi daerah, Robert J. Kodoatie, Suharyanto, Sri Sangkawati, Sutarto Edhisono =260 ##$$a 2005 $b Yoyakarta =300 ##$$a xii, 290 hlm., ilus, 23 cm =650 ##$$a Water-supply engineering =850 ##$$a NBPNMAT =990 ##$$a 21196846/BPAP-NTB/2014 =990 ##$$a 0001/BPAP-NTB/20142015 =990 ##$$a 0001/BPAP-NTB/20142015 =990 ##$$a 0001/BPAP-NTB/20142015 =990 ##$$a 0001/BPAP-NTB/20142015 =990 ##$$a 0001/BPAP-NTB/2016 =990 ##$$a 21602072/BPAP-NTB/2017 =990 ##$$a 84578457 =990 ##$$a 0001/BPAP-NTB/20142015 =990 ##$$a 21196846/BPAP-NTB/2014 =990 ##$$a 0001/BPAP-NTB/20142015 =990 ##$$a 0001/BPAP-NTB/20142015 =990 ##$$a 0001/BPAP-NTB/20142015 =990 ##$$a 0001/BPAP-NTB/2016 =990 ##$$a 21602072/BPAP-NTB/2017 =990 ##$$a 01201808457